Score 0/20 Timer 02:00
0 Plays Today
Question Answer Wrong Answers
I Want to Hold Your Hand The Beatles
96.6%
The Rolling Stones
1.1%
Penny Lane The Beatles
96.5%
The Rolling Stones
1.3%
Help! The Beatles
96.5%
The Rolling Stones
1.3%
Love Me Do The Beatles
96.1%
The Rolling Stones
1.6%
Sympathy for the Devil The Rolling Stones
96.1%
The Beatles
1.7%
A Hard Day's Night The Beatles
95.3%
The Rolling Stones
2.5%
(I Can't Get No) Satisfaction The Rolling Stones
95.2%
The Beatles
2.6%
Brown Sugar The Rolling Stones
94.6%
The Beatles
3.1%
Jumpin' Jack Flash The Rolling Stones
94.5%
The Beatles
3.4%
Eight Days a Week The Beatles
93.8%
The Rolling Stones
3.9%
Start Me Up The Rolling Stones
93.6%
The Beatles
4.1%
Wild Horses The Rolling Stones
93.3%
The Beatles
4.4%
Ticket to Ride The Beatles
92.3%
The Rolling Stones
5.5%
Gimme Shelter The Rolling Stones
90%
The Beatles
7.9%
Get Off of My Cloud The Rolling Stones
89.3%
The Beatles
8.6%
The Long and Winding Road The Beatles
89%
The Rolling Stones
8.9%
Lady Madonna The Beatles
88.4%
The Rolling Stones
9.4%
Something The Beatles
82.4%
The Rolling Stones
15.4%
All Down the Line The Rolling Stones
81.5%
The Beatles
16.2%
Shine a Light The Rolling Stones
79.4%
The Beatles
18.3%

Today's Daily Dose

Get the Picture
Which JB?

Remove Ads.
Support Sporcle.
Get the best of Sporcle when you Go Orange. This ad-free experience offers more features, more stats, and more fun while also helping to support Sporcle. Thank you for becoming a member.

You're not logged in!

Compare scores with friends on all Sporcle quizzes.
OR
Log In

Show Comments

Extras

Top Quizzes Today


Score Distribution

Your Account Isn't Verified!

In order to create a playlist on Sporcle, you need to verify the email address you used during registration. Go to your Sporcle Settings to finish the process.

Report this User

Report this user for behavior that violates our Community Guidelines.

Details: